<?xml version="1.0" encoding="UTF-8"?>
<record
    xmlns:xsi="http://www.w3.org/2001/XMLSchema-instance"
    xsi:schemaLocation="http://www.loc.gov/MARC21/slim http://www.loc.gov/standards/marcxml/schema/MARC21slim.xsd"
    xmlns="http://www.loc.gov/MARC21/slim">

  <leader>00543nam a2200145Ia 4500</leader>
  <controlfield tag="001">10872</controlfield>
  <controlfield tag="003">GE_BSU</controlfield>
  <controlfield tag="008">181216s||||||||xx |||||||||||||| ||und||</controlfield>
  <datafield tag="040" ind1=" " ind2=" ">
    <subfield code="c">GE_BSU</subfield>
  </datafield>
  <datafield tag="245" ind1=" " ind2=" ">
    <subfield code="a">&#x411;&#x43E;&#x43B;&#x44C;&#x448;&#x430;&#x44F; &#x421;&#x43E;&#x432;&#x435;&#x442;&#x441;&#x43A;&#x430;&#x44F; &#x42D;&#x43D;&#x446;&#x438;&#x43A;&#x43B;&#x43E;&#x43F;&#x435;&#x434;&#x438;&#x44F;</subfield>
  </datafield>
  <datafield tag="245" ind1=" " ind2=" ">
    <subfield code="b">&#x422;.22.&#x41A;&#x43E;&#x43B;&#x43B;&#x438;&#x43C;&#x430;&#x442;&#x43E;&#x440;-&#x41A;&#x43E;&#x440;&#x436;&#x438;&#x43D;&#x44B;.</subfield>
  </datafield>
  <datafield tag="245" ind1=" " ind2=" ">
    <subfield code="c">&#x413;&#x43B;. &#x440;&#x435;&#x434;. &#x411;.&#x410;. &#x412;&#x412;&#x435;&#x434;&#x435;&#x43D;&#x441;&#x43A;&#x438;&#x439;,&#x447;&#x43B;&#x435;&#x43D;&#x44B; &#x433;&#x43B;&#x430;&#x432;. &#x440;&#x435;&#x434;&#x430;&#x43A;&#x446;&#x438;&#x439;:&#x41D;.&#x41D;.&#x410;&#x43D;&#x438;&#x447;&#x43A;&#x43E;&#x432;,&#x410;.&#x41D;.&#x411;&#x430;&#x440;&#x430;&#x43D;&#x43E;&#x432;,&#x438; &#x434;&#x440;.</subfield>
  </datafield>
  <datafield tag="653" ind1=" " ind2=" ">
    <subfield code="a">&#x411;&#x43E;&#x43B;&#x44C;&#x448;&#x430;&#x44F; &#x421;&#x43E;&#x432;&#x435;&#x442;&#x441;&#x43A;&#x430;&#x44F; &#x42D;&#x43D;&#x446;&#x438;&#x43A;&#x43B;&#x43E;&#x43F;&#x435;&#x434;&#x438;&#x44F;</subfield>
  </datafield>
  <datafield tag="942" ind1=" " ind2=" ">
    <subfield code="c">BK</subfield>
  </datafield>
  <datafield tag="999" ind1=" " ind2=" ">
    <subfield code="c">44114</subfield>
    <subfield code="d">44114</subfield>
  </datafield>
</record>
